000 00350nam a2200133Ia 4500
008 240624s9999 xx 000 0 und d
041 _aeng
082 _a658.311 FIE
100 _aFIELDS MARTHA
245 _aINDISPENSABLE EMPLOYEES HOW TO HIRE THEM
260 _c2004
_aMumbai
_bJaico Publishing House
300 _a287 : p. ; 21cm.
365 _cRS
_b30
999 _c8251
_d8251